| 000 | 00562cam a2200205ua 4500 | ||
|---|---|---|---|
| 020 | _c33.00 | ||
| 041 |
_aeng _h |
||
| 082 |
_a697.93 _bELO/ST |
||
| 100 | _aElonka, Steve . | ||
| 245 |
_aStandard refrigeration and air conditioning : Questions and answers / _cSteve Elonka. _hTextual Documents |
||
| 250 |
_a2 / _b. |
||
| 260 |
_aNew Delhi : _bTata Mc-Graw Hill Publishing Company , _c1982. |
||
| 300 | _a321 ; . | ||
| 365 | _a33.00 | ||
| 504 | _a | ||
| 700 | 1 | _aMinich, Quarid .W . | |
| 942 | _cBK | ||
| 999 |
_c1659 _d1659 |
||